00864cam a2200241 a 450000100100000000500170001000800410002703500190006804000350008708200190012210000470014124500850018826000430027330000280031665000280034465000310037270000370040391000290044091000070046904900090047695201220048599900150060700000986720200929161735.0890411s1987 cu 000 f spa d a(DLC) 86186478 aDO-SdBNPbspacDLCdDLCdBNPHU a863.3bV436dia1 aVélez de Guevara, Luis,d1579-16449413813aEl diablo cojuelo /cLuis Vélez de Guevara ; edición de Dania Pérez Rubio. aLa Habana :bArte y Literatura,c1987. a130 p. :bil. ;c20 cm. 4aNovela española91123 4aLiteratura española96321 aPérez Rubio, Dania,eed.95482 aCatalogación derivada. aWM aBNGR 001054708MOaGRbGRcHDd2009-10-01iLF1l0o863.3 V436diap9867-10r2020-06-25w2020-06-25y4ZPréstamo en sala c9626d9626